Khí công dưỡng sinh - Nội công Võ Gia Vovinam Việt Võ Đạo Quyển 1 Nội công nhập môn
Trình bày tổng quan về khí công học, khí công và dịch cân kinh, mục đích của luyện tập khí công. Tìm hiểu về khí; tiến trình luyện tập khí công; các kiến thức, nguyên tắc căn bản; phương pháp điều thân, điều ý, điều tâm, điều tức. Giớ...
Na minha lista:
| Autor principal: | |
|---|---|
| Formato: | Livro |
| Idioma: | Vietnamese |
| Publicado em: |
TP. Hồ Chí Minh
Tổng hợp Thành phố Hồ Chí MInh
2019
|
| Assuntos: | |
| Tags: |
Adicionar Tag
Sem tags, seja o primeiro a adicionar uma tag!
|
| Thư viện lưu trữ: | Thư viện Trường Đại học Nam Cần Thơ |
|---|
| LEADER | 01895nam a22002057a 4500 | ||
|---|---|---|---|
| 001 | NCT_82356 | ||
| 008 | 200722b xxu||||| |||| 00| 0 vie d | ||
| 999 | |c 4052 |d 4052 | ||
| 020 | |a 9786045896228 |c 195000 | ||
| 082 | 0 | 4 | |2 23rd ed. |a 613.7148 |b Đ108/Q.1 |
| 100 | 1 | |a Trần Nguyên Đạo | |
| 245 | 0 | 0 | |a Khí công dưỡng sinh - Nội công Võ Gia Vovinam Việt Võ Đạo |n Quyển 1 |p Nội công nhập môn |c Trần Nguyên Đạo |
| 260 | |a TP. Hồ Chí Minh |b Tổng hợp Thành phố Hồ Chí MInh |c 2019 | ||
| 300 | |a 298 tr. |b Minh họa |c 30cm | ||
| 520 | 3 | |a Trình bày tổng quan về khí công học, khí công và dịch cân kinh, mục đích của luyện tập khí công. Tìm hiểu về khí; tiến trình luyện tập khí công; các kiến thức, nguyên tắc căn bản; phương pháp điều thân, điều ý, điều tâm, điều tức. Giới thiệu và hướng dẫn thực hành luyện tập các bài khí công dưỡng sinh và nội công Võ gia với 6 trình độ từ thấp đến cao. Đây là một công trình nghiên cứu cũng như thực hành cho Vovinam - Việt võ đạo do Võ sư Chưởng môn đời thứ 3 Trần Huy Phong cùng võ sư Phan Trương Bình khởi xướng và truyền dạy. | |
| 653 | |a Cơ bản | ||
| 942 | |2 ddc |c BK | ||
| 952 | |0 0 |1 0 |2 ddc |4 0 |6 613_714800000000000_Đ108_Q_1 |7 0 |9 19938 |a 000001 |b 000001 |d 2020-07-22 |o 613.7148 Đ108/Q.1 |p MD.17397 |r 2020-07-22 |v 195000.00 |w 2020-07-22 |y BK | ||
| 952 | |0 0 |1 0 |2 ddc |4 0 |6 613_714800000000000_Đ108_Q_1 |7 0 |9 19939 |a 000001 |b 000001 |d 2020-07-22 |l 3 |m 3 |o 613.7148 Đ108/Q.1 |p MD.17398 |r 2020-12-26 |s 2020-12-14 |v 195000.00 |w 2020-07-22 |y BK | ||
| 980 | |a Thư viện Trường Đại học Nam Cần Thơ | ||


